000 00730cam a22002894a 4500
999 _c11238
_d11238
001 YPZ9573
003 YPZ
005 20251030133520.0
008 251030s1975 ag grb 001 0 spa d
040 _cSIUNPA
_aSIUNPA
_bspa
_eAACR2
041 _aspa
044 _aag
080 _a355.48 D277e2
100 _aDaza, José S.
_e, autor
245 _aEpisodios militares
_c/ José S. Daza
250 _a2a. ed.
260 _aBuenos Aires
_b: Eudeba
_c, 1975
300 _a135 p.
490 _a(Lucha de fronteras con el indio)
650 _aOPERACIONES MILITARES
650 _aCONQUISTA DEL DESIERTO
650 _aCIVILIZACION
650 _aFRONTERA
650 _aINDIGENAS
650 _aGUERRA
942 _cBK
_2udc